• 首页
  • 本馆介绍
  • 公告通知
  • 最新文献
  • 馆藏检索
  • 电子资源
  • 读者导购
  • 参考咨询
  • 我的图书馆
  • 登录
  • 详细信息显示
  • 放入我的书架
  • 预约/预借图书
  • 作者相关作品
  • 分类相关作品
  • 丛书相关作品
  • 出版社相关作品

书目信息

  • 表格格式
  • 工作单格式
  • 卡片格式
题名:
教育之桥
    
 
作者: 冯筱才 编著
分册:  
出版信息: 北京   清华大学出版社  2014.10
页数: 245页,[1]页图版
开本: 24cm
丛书名:
单 册:
中图分类: G523.3
科图分类:
主题词: 教育--国际交流--中国--美国 , 教育 , 国际交流
电子资源:
ISBN: 978-7-302-35961-6
000 01065nam0 2200301 450
001 012014136549
005 20160519145022.87
010    @a978-7-302-35961-6@dCNY56.00
100    @a20141106d2014 em y0chiy0110 ea
101 0  @achi
102    @aCN@b110000
105    @aacf z 000yy
106    @ar
200 1  @a教育之桥@9jiao yu zhi qiao@e从清华到麻省理工@f冯筱才编著
210    @a北京@c清华大学出版社@d2014.10
215    @a245页,[1]页图版@c图,肖像@d24cm
312    @a封面英文题名:Bridge of education form Tsinghua to MIT
330    @a自从清华学堂创办之后,庚款留美成为中国政府派遣学生留美之主要渠道,其中又有相当一部分去了麻省理工学院,后来成为科技界及教育界的中坚力量。
333    @a教育研究人员
510 1  @aBridge of education form Tsinghua to MIT@zeng
517 1  @a从清华到麻省理工@9cong qing hua dao ma sheng li gong
606 0  @a教育@x国际交流@y中国@y美国
606 0  @a教育
606 0  @a国际交流
690    @aG523.3@v5
701  0 @a冯筱才@9feng xiao cai@4编著
801  0 @aCN@b人天书店@c20141106
905    @b877906-11@dG523.3@e203@f6
    
    教育之桥:从清华到麻省理工/冯筱才编著.-北京:清华大学出版社,2014.10
    245页,[1]页图版:图,肖像;24cm
    使用对象:教育研究人员
    
    ISBN 978-7-302-35961-6:CNY56.00
    自从清华学堂创办之后,庚款留美成为中国政府派遣学生留美之主要渠道,其中又有相当一部分去了麻省理工学院,后来成为科技界及教育界的中坚力量。
●
相关链接 在E读中查询图书 在五车中查询图书 在当当中查询图书 在豆瓣中查询图书


正题名:教育之桥     索取号:G523.3/203         预约/预借

序号 登录号 条形码 馆藏地/架位号 状态 备注
1 877906   208779062   第一样本阅览室/ [索取号:G523.3/203] 在馆    
2 877907   208779071   教育系资料室/ [索取号:G523.3/203] 在馆    
3 877908   208779080   教育系资料室/ [索取号:G523.3/203] 在馆    
4 877909   208779099   教育系资料室/ [索取号:G523.3/203] 在馆    
5 877910   208779106   第四借阅区/ [索取号:G523.3/203] 在馆    
6 877911   208779115   第四借阅区/ [索取号:G523.3/203] 在馆    
唐山师范学院图书馆 欢迎您!
大连网信软件有限公司© 版权所有